02065nas a2200241Ia 4500001001100000003001000011008004100021040002500062041001300087100002200100210001600122222001600138245007400154250001100228260008400239300001200323310001200335362002800347500065200375501011401027520065201141650003001793R053-S7656IT-CnALBA170116c99999999xx |||||||||||| ||und|| aIT-CnALBAcIT-CnALBA aITALIANO aGRAZZINI GIUSEPPE aBELL'ITALIA aBELL'ITALIA 0aBELL'ITALIA. N. 74. GIUGNO 1992. VAL MAREBBE. UN SOGNO TRA I MOINTI.  a1a ed. aMILANObMONDADORI GIORGIO EDIT. c1992 [1° Ed.:1992 - Ed.Ling.Originale: 1992] a154 p.  aMENSILE aFascicolo: 74 / (1992) aSARDEGNA: LE ISOLE MARMORATA. CEFALU'', ISOLE MARMORATA. RACCONTO PIETRE. LE COLONNE DEL PANTHEON.ORIGINI. LAINATE. ANTICHE ARCHITETTURE DI VAL MAREBBE. CARAVAGGIO, NEL 1432 APPARIZIONE DELLA MADONNA OVE ORA SORGE IL SANTUARIO. BELLUNO POCA DIFFERENZA TRA PASSATO E PRESENTE. CEFALU'' DELLE CENTO VITE, STORIA ARTE CULTURA. MARE SPLENDIDO. RIETI FESTA DEI CERI. MARITOZZI E CIOCCOLATO. PROCESSIONE. MONTALCINO, FORTEZZA SU UN POGGIO. PATRIA DI BRUNELLO. BOLOGNA, MUSEI RITROVATI, INIZIO ANTICHITÀ, L'ARCHEOLOGO DI BOLOGNA. LETTERE, URBINO, STORIA E CULTURA DELLE CINTE MURARIE. NOTIZIE. DIMENTICANZA BENI CULTURALI TRA INDIFFERENZE E POLEMICHE.  aSocietà San Paolo EM - Piazza San Paolo, 14 - 12051 ALBA (CN) (non commercial uses only) ® Copyright 2017 aSARDEGNA: LE ISOLE MARMORATA. CEFALU'', ISOLE MARMORATA. RACCONTO PIETRE. LE COLONNE DEL PANTHEON.ORIGINI. LAINATE. ANTICHE ARCHITETTURE DI VAL MAREBBE. CARAVAGGIO, NEL 1432 APPARIZIONE DELLA MADONNA OVE ORA SORGE IL SANTUARIO. BELLUNO POCA DIFFERENZA TRA PASSATO E PRESENTE. CEFALU'' DELLE CENTO VITE, STORIA ARTE CULTURA. MARE SPLENDIDO. RIETI FESTA DEI CERI. MARITOZZI E CIOCCOLATO. PROCESSIONE. MONTALCINO, FORTEZZA SU UN POGGIO. PATRIA DI BRUNELLO. BOLOGNA, MUSEI RITROVATI, INIZIO ANTICHITÀ, L'ARCHEOLOGO DI BOLOGNA. LETTERE, URBINO, STORIA E CULTURA DELLE CINTE MURARIE. NOTIZIE. DIMENTICANZA BENI CULTURALI TRA INDIFFERENZE E POLEMICHE.  aSCIENZE UMANE E RELIGIOSE